Vista normal
Vista MARC
- Escuelas
Entrada Materia
Número de registros utilizados en: 7
001 - NÚMERO DE CONTROL DEL REGISTRO
- campo de control: 22046
003 - IDENTIFICADOR DE NUMERO DE CONTROL
- campo de control: MX-MxUPN
005 - FECHA Y HORA DE LA ÚLTIMA TRANSACCIÓN
- campo de control: 20240912101727.0
008 - DATOS DE LONGITUD FIJA
- campo de control de longitud fija: 240912na fccnnaabb b ana |d
035 ## - NÚMERO DE CONTROL DEL SISTEMA
- Número de control del sistema: UPN10000022055
040 ## - FUENTE DE LA CATALOGACIÓN
- Centro catalogador de origen: MX-MxUPN
- Lengua de catalogación: SPA
150 ## - ENCABEZAMIENTO - TEMÁTICO
- Término de materia o nombre geográfico como elemento inicial: Escuelas
- Subdivisión de forma: Literatura infantil
670 ## - FUENTE EN LA QUE SE LOCALIZARON DATOS
- Cita de la fuente: E/P
902 ## - CATALOGADOR
- Catalogador: CAA/190613